Aventuras del capitán Corcoran /

Guardado en:
Detalles Bibliográficos
Autor principal: Assollant, Alfredo (autor)
Formato: Libro
Idioma:Español
Publicado: Madrid, España : Espasa-Calpe, 1960, c1960
Edición:3a edición
Colección:(Austral ; 386)
Temas:
Etiquetas: Agrega una etiqueta
Sin etiquetas, Sé el primero en etiquetar este registro!

MARC

LEADER 00000nam^a2200000^a^4500
001 000030623
005 20250521000000.0
009 20260310085010.599
037 |a Acervo ITESO - Biblioteca 
041 |a ESP 
082 |a 808.  |b AUS V. 386 
100 |a Assollant, Alfredo  |e (autor) 
245 1 0 |a Aventuras del capitán Corcoran /  |c A. Assollant ; tr. por María Luisa Calderón de Barnés. 
250 |a 3a edición 
264 4 |a Madrid, España :  |b Espasa-Calpe,  |c 1960, c1960 
300 |a 241 p. 
336 |a texto  |b txt  |2 rdacontenido 
337 |a sin mediación  |b n  |2 rdamedio 
338 |a volumen  |b nc  |2 rdasoporte 
440 1 |a (Austral ;  |v 386) 
500 |a Traducción de: Les aventures du capitaine Corcoran 
649 |a XX 
650 |a Novela de Aventuras -  |z Francia 
650 |a Novela Francesa 
650 |a Literatura Francesa -  |y Siglo XIX 
650 |a India en la Literatura 
910 |a Fondo General 
920 |a Impresos - Libros 
930 |a Colección General 
940 |a Literatura 
905 |a 101 
901 |a 0306230100  |b IT1  |c LIT  |i 030623  |u 20250521 
902 |a https://opac.biblio.iteso.mx/vufind/Record/000030623